Diego Armando Maradona / (Record no. 4144)
[ view plain ]
| 000 -LEADER | |
|---|---|
| fixed length control field | 00934cam a2200205 4500 |
| 001 - CONTROL NUMBER | |
| control field | 4971 |
| 005 - DATE AND TIME OF LATEST TRANSACTION | |
| control field | 20181127174522.0 |
| 008 - FIXED-LENGTH DATA ELEMENTS--GENERAL INFORMATION | |
| fixed length control field | 090206s2009 ilua b 001 0ceng |
| 010 ## - LIBRARY OF CONGRESS CONTROL NUMBER | |
| LC control number | 2009005269 |
| 020 ## - INTERNATIONAL STANDARD BOOK NUMBER | |
| International Standard Book Number | 9780224071901 |
| 100 1# - MAIN ENTRY--PERSONAL NAME | |
| Personal name | El Diego. |
| Dates associated with a name | |
| 245 10 - TITLE STATEMENT | |
| Title | Diego Armando Maradona / |
| Statement of responsibility, etc. | El Diego, with Daniel Arcucci and Ernesto Cherquis Bialo. |
| 260 ## - PUBLICATION, DISTRIBUTION, ETC. | |
| Place of publication, distribution, etc. | London : |
| Name of publisher, distributor, etc. | Yellow Jersey Press, |
| Date of publication, distribution, etc. | 2004. |
| 300 ## - PHYSICAL DESCRIPTION | |
| Extent | 302 p. : |
| Other physical details | chiefly col. ill. ; |
| Dimensions | 27 cm. |
| 490 0# - SERIES STATEMENT | |
| Series statement | The World Cup |
| 504 ## - BIBLIOGRAPHY, ETC. NOTE | |
| Bibliography, etc. note | Includes bibliographical references and index. |
| 505 0# - FORMATTED CONTENTS NOTE | |
| Formatted contents note | The World Cup -- Pele (Brazil) -- Garrincha (Brazil) -- Bobby Charlton (England) -- Franz Beckenbauer (West Germany) -- Johan Cruyff (Holland) -- Michel Platini (France) -- Diego Maradona (Argentina) -- Zinedine Zidane (France) -- David Beckham (England) -- Other great players -- World Cup all-star. |
| 611 20 - SUBJECT ADDED ENTRY--MEETING NAME | |
| Meeting name or jurisdiction name as entry element | World Cup (Soccer) |
| 650 #0 - SUBJECT ADDED ENTRY--TOPICAL TERM | |
| Topical term or geographic name entry element | Soccer players |
| Form subdivision | Biography. |
| Withdrawn status | Lost status | Source of classification or shelving scheme | Damaged status | Not for loan | Collection code | Home library | Current library | Shelving location | Date acquired | Serial Enumeration / chronology | Inventory number | Total Checkouts | Total Renewals | Full call number | Barcode | Date last seen | Date last checked out | Price effective from | Koha item type |
|---|---|---|---|---|---|---|---|---|---|---|---|---|---|---|---|---|---|---|---|
| Dewey Decimal Classification | Main TEST | RTC Library | RTC Library | Main opac | 16/08/2022 | 8156 | 1 | 1 | 920 MAR | 30007819 | 18/08/2022 | 16/08/2022 | 27/11/2018 | Main |